[Event "Speed Chess Super Swiss"]
[Site "chess.com INT"]
[Date "2020.10.03"]
[Round "15"]
[White "Svidler, Peter"]
[Black "Ponkratov, Pavel"]
[Result "0-1"]
[WhiteElo "2723"]
[BlackElo "2628"]
[PlyCount "74"]
[EventDate "2020.10.03"]
[EventType "swiss (blitz)"]
[EventRounds "15"]
[EventCountry "USA"]
[SourceTitle "EXT 2021"]
[Source "ChessBase"]
[SourceDate "2020.10.23"]
[SourceVersion "1"]
[SourceVersionDate "2020.10.23"]
[SourceQuality "1"]

1. e4 e5 2. Nf3 Nc6 3. Bb5 f5 4. d3 d6 5. O-O fxe4 6. dxe4 Nf6 7. Nc3 Be7 8. a4
O-O 9. Bc4+ Kh8 10. Ng5 Qe8 11. Ne6 Bxe6 12. Bxe6 Nd4 13. Ba2 Qg6 14. Be3 Nxe4
15. Bxd4 exd4 16. Qxd4 Ng5 17. f4 Nf7 18. Nd5 Bd8 19. Rae1 c6 20. Ne3 Bb6 21.
Qd2 d5 22. a5 Bc5 23. b4 Bd6 24. c4 Nh6 25. Bb1 Qh5 26. g3 d4 27. Qd3 Ng8 28.
c5 Bxc5 29. bxc5 dxe3 30. Qxe3 Nf6 31. Qe5 Qh6 32. Qc7 Ng4 33. Re2 Qh5 34. Rfe1
Qxc5+ 35. Kg2 Nf6 36. Re7 Nd5 37. Rxg7 Nxc7 0-1

[Event "Chessable Qualifier"]
[Site "chess24.com"]
[Date "2020.10.17"]
[Round "2"]
[White "Svidler, Peter"]
[Black "Shankland, Samuel L"]
[Result "1-0"]
[WhiteElo "2723"]
[BlackElo "2691"]
[PlyCount "39"]
[EventDate "2020.10.17"]
[EventType "tourn (rapid)"]
[EventRounds "7"]
[EventCountry "GER"]
[EventCategory "17"]
[SourceTitle "EXT 2021"]
[Source "ChessBase"]
[SourceDate "2020.10.23"]
[SourceVersion "1"]
[SourceVersionDate "2020.10.23"]
[SourceQuality "1"]

1. e4 c6 2. d4 d5 3. e5 Bf5 4. Nd2 e6 5. Nb3 Nd7 6. Nf3 c5 7. dxc5 Bxc5 8. Nxc5
Nxc5 9. Nd4 Ne7 10. Be2 O-O 11. Be3 Rc8 12. O-O a6 13. Rc1 Qc7 14. c4 Qxe5 15.
cxd5 Rfd8 16. Nxf5 Nxf5 17. Bxc5 Rxd5 18. Bd4 Qb8 19. Rxc8+ Qxc8 20. Qc1 1-0

[Event "Chessable Qualifier"]
[Site "chess24.com"]
[Date "2020.10.17"]
[Round "3"]
[White "Bluebaum, Matthias"]
[Black "Svidler, Peter"]
[Result "0-1"]
[WhiteElo "2672"]
[BlackElo "2723"]
[PlyCount "72"]
[EventDate "2020.10.17"]
[EventType "tourn (rapid)"]
[EventRounds "7"]
[EventCountry "GER"]
[EventCategory "17"]
[SourceTitle "EXT 2021"]
[Source "ChessBase"]
[SourceDate "2020.10.23"]
[SourceVersion "1"]
[SourceVersionDate "2020.10.23"]
[SourceQuality "1"]

1. d4 Nf6 2. c4 g6 3. Nc3 d5 4. Nf3 Bg7 5. h3 O-O 6. cxd5 Nxd5 7. e4 Nxc3 8.
bxc3 c5 9. Be2 b5 10. Be3 Bb7 11. Qd3 b4 12. cxb4 cxb4 13. O-O a5 14. Rab1 e6
15. h4 h6 16. Rfd1 Nd7 17. e5 Ba6 18. Qd2 Bxe2 19. Qxe2 Nb6 20. h5 g5 21. Nd2
f5 22. exf6 Qxf6 23. Ne4 Qf5 24. Ng3 Qd5 25. f3 Na4 26. Ne4 g4 27. Rf1 Rac8 28.
Rbe1 gxf3 29. gxf3 Nc3 30. Nxc3 Rxc3 31. Rd1 Qxh5 32. Rf2 Rf6 33. Rh2 Qf5 34.
Kh1 Kh7 35. d5 exd5 36. Rf2 Re6 0-1

[Event "Chessable Qualifier"]
[Site "chess24.com"]
[Date "2020.10.18"]
[Round "5"]
[White "Mamedov, Rauf"]
[Black "Svidler, Peter"]
[Result "1/2-1/2"]
[WhiteElo "2654"]
[BlackElo "2723"]
[PlyCount "41"]
[EventDate "2020.10.17"]
[EventType "tourn (rapid)"]
[EventRounds "7"]
[EventCountry "GER"]
[EventCategory "17"]
[SourceTitle "EXT 2021"]
[Source "ChessBase"]
[SourceDate "2020.10.23"]
[SourceVersion "1"]
[SourceVersionDate "2020.10.23"]
[SourceQuality "1"]

1. e4 e5 2. Nf3 Nc6 3. Bc4 Bc5 4. c3 Nf6 5. d4 exd4 6. e5 d5 7. Bb5 Ne4 8. cxd4
Bb6 9. Nc3 O-O 10. Be3 Bg4 11. h3 Bh5 12. Qa4 Ne7 13. Bd3 f5 14. exf6 Nxf6 15.
Ne5 c6 16. O-O Nd7 17. f4 Nxe5 18. fxe5 Qd7 19. Qc2 Bg6 20. Bxg6 Nxg6 21. Na4
1/2-1/2

[Event "Chessable Qualifier"]
[Site "chess24.com"]
[Date "2020.10.18"]
[Round "6"]
[White "Svidler, Peter"]
[Black "Oparin, Grigoriy"]
[Result "1-0"]
[WhiteElo "2723"]
[BlackElo "2652"]
[PlyCount "107"]
[EventDate "2020.10.17"]
[EventType "tourn (rapid)"]
[EventRounds "7"]
[EventCountry "GER"]
[EventCategory "17"]
[SourceTitle "EXT 2021"]
[Source "ChessBase"]
[SourceDate "2020.10.23"]
[SourceVersion "1"]
[SourceVersionDate "2020.10.23"]
[SourceQuality "1"]

1. e4 e5 2. Nf3 Nc6 3. Bb5 a6 4. Ba4 Nf6 5. d3 b5 6. Bb3 Bc5 7. Nc3 d6 8. Nd5
h6 9. c3 Rb8 10. O-O O-O 11. Be3 Be6 12. d4 Nxe4 13. dxc5 dxc5 14. Qb1 Bxd5 15.
Bxd5 Qxd5 16. Rd1 Qc4 17. b3 Nxc3 18. bxc4 Nxb1 19. Raxb1 Nd4 20. Bxd4 exd4 21.
Nd2 Rfe8 22. Kf1 c6 23. Rdc1 Re5 24. Nf3 Rf5 25. Ne1 h5 26. Nd3 Ra8 27. a4 Rd8
28. axb5 cxb5 29. cxb5 c4 30. b6 cxd3 31. b7 Rb5 32. Rxb5 d2 33. Rcb1 axb5 34.
Ke2 Rb8 35. Rxb5 Kf8 36. Kxd2 Ke7 37. Kd3 Kd6 38. Kxd4 Kc6 39. Rb1 Rxb7 40.
Rxb7 Kxb7 41. Ke5 Kc6 42. Kf5 Kd7 43. Kg5 g6 44. Kf6 Ke8 45. h4 Kf8 46. f4 Kg8
47. g3 Kf8 48. f5 gxf5 49. Kxf5 Ke7 50. Kg5 Ke6 51. Kxh5 Kf5 52. Kh6 Kg4 53. h5
Kxg3 54. Kg5 1-0

[Event "Chessable Qualifier"]
[Site "chess24.com"]
[Date "2020.10.18"]
[Round "7"]
[White "Sunilduth Lyna, Narayanan"]
[Black "Svidler, Peter"]
[Result "1/2-1/2"]
[WhiteElo "2618"]
[BlackElo "2723"]
[PlyCount "138"]
[EventDate "2020.10.17"]
[EventType "tourn (rapid)"]
[EventRounds "7"]
[EventCountry "GER"]
[EventCategory "17"]
[SourceTitle "EXT 2021"]
[Source "ChessBase"]
[SourceDate "2020.10.23"]
[SourceVersion "1"]
[SourceVersionDate "2020.10.23"]
[SourceQuality "1"]

1. Nf3 Nf6 2. c4 c5 3. Nc3 Nc6 4. e3 g6 5. d4 cxd4 6. exd4 d5 7. cxd5 Nxd5 8.
Bc4 Nb6 9. Bb3 Bg7 10. d5 Na5 11. O-O O-O 12. Re1 Re8 13. h3 Bxc3 14. bxc3 Nxb3
15. axb3 Qxd5 16. Be3 Qxd1 17. Rexd1 Bf5 18. Nd4 Bd7 19. c4 Nc8 20. Nf3 Bf5 21.
Nd4 Bd7 22. Ne2 Bc6 23. b4 Nd6 24. b5 Be4 25. Nc3 Bc2 26. Rdc1 Bd3 27. Nd5 Bxc4
28. Nc7 Bxb5 29. Nxa8 Rxa8 30. Rxa7 Re8 31. Ra5 Bc6 32. f3 f6 33. Bc5 Nf5 34.
Rca1 Kf7 35. Ra8 Rxa8 36. Rxa8 h5 37. Kf2 h4 38. Ra1 g5 39. Rd1 Ke6 40. Rd8 Kf7
41. Ke1 e5 42. Kf2 Kg7 43. Bb6 Kf7 44. Rc8 Kg7 45. Rc7+ Kg6 46. Bc5 Bd5 47. Ke1
Bc6 48. Bf8 Ne3 49. Rg7+ Kf5 50. Kf2 Nd5 51. Ba3 Nf4 52. Rg8 e4 53. fxe4+ Bxe4
54. g4+ hxg3+ 55. Kxg3 Ne2+ 56. Kf2 Nf4 57. Kg3 Ne2+ 58. Kh2 Nf4 59. Bb2 Bc6
60. Rf8 Nd5 61. Kg3 Kg6 62. h4 gxh4+ 63. Kxh4 Kf5 64. Kg3 Ke4 65. Bxf6 Nxf6 66.
Rxf6 Kd5 67. Rf8 Kc5 68. Rb8 Kb6 69. Rxb7+ Kxb7 1/2-1/2